Culture Générale - Série 1714 - Statistiques

Statistiques générales
  • Ce quiz a été pris 113 fois
  • Le résultat moyen est 6 sur 10
Statistiques - réponses
Question Réponse % Correct
Quelle capitale européenne est aussi le prénom de la sulfureuse figure de la jet-set mademoiselle Hilton ? Paris
94%
Quel fruit dit "de table" appelle-t-on "chasselas" ou "muscat" ? raisin
84%
Comment appelle-t-on une femme qui vend ou confectionne des chapeaux ? modiste
82%
Le film de 1994 de Luc Besson, mettant en scène un tueur à gages interprété par Jean Reno, s'intitule... Léon
76%
Quel poète, auteur des "Poèmes saturniens", a vécu avec Arthur Rimbaud ? Paul Verlaine
76%
Dans quelle ville des États-Unis est située la célèbre université Columbia ? New York
57%
Sur les portes du métro parisien, quel animal avertit ainsi les jeunes usagers : "Ne mets pas tes mains sur les portes, tu risques de te faire pincer très fort" ? lapin
52%
Au Moyen Age, comment nommait-on le cor en ivoire taillé dans une défense d'éléphant ? olifant
21%
Quel sommet est le point culminant du continent américain ? Aconcagua
19%
Qui est le père du jeune réalisateur français Alexandre Aja ? Alexandre Arcady
4%
Aucun quiz correspondant
Distribution des résultats
% des personnes avec chaque résultat
Percentile par nombre de réponses
Votre historique - résultats
Vous n’avez pas pris ce quiz